|
|
|
|
| LEADER |
00000nab a2200000 a 4500 |
| 001 |
vtls008870945 |
| 003 |
SK-MaSNL |
| 005 |
20260303061538.0 |
| 008 |
140303c2006 xo wrzp 0 0slo |
| 015 |
|
|
|a SNBRB2006/10
|2 snkbucl
|
| 040 |
|
|
|a SNKBUCL
|b slo
|c SNKBUCL
|e AACR2
|
| 041 |
0 |
|
|a slo
|
| 044 |
|
|
|a xo
|c SK
|
| 080 |
|
|
|a 614.88:06.063
|x (437.6)
|2 1997
|
| 245 |
0 |
0 |
|a Primát patrí posádke Rescue System Žilina 1
|b výsledková listina 16. ročníka súťaže posádok záchranných zdravotných služieb s medzinárodnou účasťou Záchrana 2006 v Nitre
|
| 300 |
|
|
|a Tab.
|
| 611 |
2 |
7 |
|a Záchrana 2006
|n (16. :
|d 2006 : Nitra, Slovensko)
|2 snkbucl
|9 1055956
|
| 650 |
0 |
7 |
|a zdravotnícka záchranná služba
|2 snkbucl
|9 69995
|
| 650 |
0 |
7 |
|a urgentná medicína
|2 snkbucl
|9 86702
|
| 650 |
0 |
7 |
|a súťaže
|2 snkbucl
|9 3301
|
| 650 |
0 |
7 |
|a listina výsledková
|2 snkbucl
|9 873434
|
| 773 |
0 |
|
|t Zdravotnícke noviny
|g Roč. XI, č. 37 (2006), s. 8
|x 1335-4477
|
| 852 |
|
|
|a SNK
|b KIS3GCP
|
| 958 |
|
|
|a ME
|
| 958 |
|
|
|a SK
|
| 999 |
|
|
|c 1735821
|d 1737751
|